| 000 | 00537nam a22001937a 4500 | ||
|---|---|---|---|
| 003 | FEu | ||
| 005 | 20140310182809.0 | ||
| 008 | 130218t xxu||||| |||| 00| 0 eng d | ||
| 020 | _a9789712357695 | ||
| 050 |
_aLB 1025 _b.C339 2010 |
||
| 100 | _aCasinto, Carlo Domingo C. | ||
| 245 |
_aHandbook on principles of teaching 2 _cCarlo Domingo C. Casinto, Reynaldo O. Cuizon |
||
| 260 |
_aManila : _bRex Book Store, _c2010. |
||
| 300 |
_a162 p. : _c26 cm. |
||
| 521 | _aEDU | ||
| 942 |
_2lcc _cBK _kLOC |
||
| 999 |
_c16130 _d16130 |
||